zpět

Detail výsledku týmu

Bar U Souseda, Plzeň

Datum a čas kvízu

31 Celkem bodů Celkový počet nahraných bodů na tomto kvízu bez doplňovacích otázek.
5. Pořadí na kvízu Konečné umístění týmu na tomto kvízu.

Zaznamenané odpovědi

# Otázka Odpověď Body Výsledky
1. Čtyři metry vysoký vánoční str... Borská přehrada 1
2. Dvaasedmdesátiletou pacientku... v Německu 1
3. Jak to dopadne, když se bohové... Největší dar 0
4. V úterý ráno detektivové z Nár... Xixoio 1
5. Jeden z favoritů mistrovství s... Japonsko 1
6. V tomto tématu se podíváme na... 1D 2C 3B 4A 1
7. V následujících slovech se na... 1B 2D 3A 4C 0
8. Podívejme se teď na místní jmé... C 1
9. V následujících slovech je vyn... B 1
10. Na závěr se podíváme na několi... B 1